[Event "Arnold Cup"]
[Site "Gausdal"]
[Date "1990.??.??"]
[Round "1"]
[White "Dunnington, Angus J"]
[Black "Winsnes, Rikard"]
[Result "0-1"]
[WhiteElo "2370"]
[BlackElo "2385"]

1.d4 Nf6 2.Nf3 g6 3.c4 Bg7 4.Nc3 O-O 5.e4 d6 6.Be2 e5 7.d5 a5 8.h4 Na6 9.Nd2 Nc5
10.h5 a4 11.Qc2 Ne8 12.Nf1 f5 13.hxg6 hxg6 14.Be3 a3 15.b3 b6 16.f3 Bd7 17.Nd2 Nf6
18.b4 Na4 19.Nxa4 Bxa4 20.Qc3 Bd7 21.Bd3 Nh5 22.O-O-O Ng3 23.Rh2 Qe7 24.Kb1 Rfb8
25.Nf1 fxe4 26.Nxg3 exd3 27.Ne4 Bf5 28.Qxd3 b5 29.c5 Ra4 30.Qb3 Rf8 31.Rhh1 Qd7
32.Bd2 Bxe4+ 33.fxe4 Qg4 34.Qd3 Rf2 35.cxd6 cxd6 36.Rc1 Rf8 37.Qxb5 Qxe4+
38.Ka1 Raa8 39.Qd7 Qf5 40.Qxf5 gxf5 41.Kb1 e4 42.Bc3 Rab8 43.Kc2 Rb5 44.Kb3 Rxd5
45.Rhd1 Rxd1 46.Rxd1 Be5 47.Bxe5 dxe5 48.Re1 Kf7 49.b5 Ke6 50.Kb4 Rg8 51.Re2 f4
52.b6 Kd5 53.Kb5 e3 54.Rc2 e4 55.g4 f3 56.Rc1 e2 57.b7 Rb8  0-1

[Event "Gausdal Int"]
[Site "Gausdal"]
[Date "1990.??.??"]
[Round "1"]
[White "Burgess, Graham"]
[Black "Kovalev, Andrei"]
[Result "0-1"]
[WhiteElo "2335"]
[BlackElo "2500"]

1.d4 Nf6 2.c4 g6 3.Nc3 Bg7 4.e4 O-O 5.Nf3 d6 6.Be2 Qe8 7.O-O e5 8.d5 a5 9.Ne1 Na6
10.Nd3 Nd7 11.Rb1 Ndc5 12.Be3 b6 13.Kh1 f5 14.exf5 Bxf5 15.Qd2 Nb4 16.Nxc5 bxc5
17.Rbc1 e4 18.Rce1 Qd7 19.a3 Nd3 20.Bxd3 exd3 21.f3 h5 22.h3 Rae8 23.Ne4 Bxe4
24.fxe4 Rxf1+ 25.Rxf1 Qe7 26.Bf2 Qe5 27.Qxd3 Qxe4 28.Qg3 Qxc4 29.Rg1 Kh7
30.Be1 a4 31.Ba5 Qxd5 32.Bxc7 Be5 33.Qh4 Qc6 34.Bd8 Bxb2 35.Bf6 Bxf6 36.Qxf6 Qd5
37.Qf4 c4 38.Rb1 Re2 39.Qg3 c3  0-1

[Event "Arnold Cup"]
[Site "Gausdal"]
[Date "1990.??.??"]
[Round "3"]
[White "Bergsson, Snorri"]
[Black "Wessman, Richard"]
[Result "1/2-1/2"]
[WhiteElo "2230"]
[BlackElo "2505"]

1.d4 Nf6 2.c4 g6 3.Nc3 Bg7 4.e4 d6 5.Be2 O-O 6.Nf3 Nbd7 7.O-O e5 8.Qc2 c6
9.d5 c5 10.Bg5 h6 11.Be3 Ne8 12.g3 Ndf6 13.Kg2 Ng4 14.Bd2 h5 15.a3 f5 16.Nh4 Qf6
17.exf5 Bxf5 18.Ne4 Qf7 19.Nxf5 gxf5 20.f3 Nh6 21.Ng5 Qg6 22.Ne6 Rf7 23.Bd3 Rc8
24.Ng5 Re7  1/2-1/2

[Event "Peer Gynt"]
[Site "Gausdal"]
[Date "1990.??.??"]
[Round "3"]
[White "Burgess, Graham"]
[Black "Kovalev, Andrei"]
[Result "0-1"]
[WhiteElo "2335"]
[BlackElo "2500"]

1.d4 Nf6 2.c4 g6 3.Nc3 Bg7 4.e4 O-O 5.Nf3 d6 6.Be2 Nbd7 7.O-O e5 8.Re1 c6
9.Bf1 h6 10.Rb1 Nh7 11.b4 Ng5 12.Nxg5 exd4 13.Ne2 hxg5 14.Nxd4 Ne5 15.Be2 a5
16.b5 c5 17.Nf3 Nxf3+ 18.Bxf3 Be5 19.Bg4 f5 20.exf5 Qf6 21.Qd5+ Kg7 22.Rxe5 dxe5
23.Bb2 Re8 24.Re1 Bxf5 25.Bxf5 Qxf5 26.Qxb7+ Kh6 27.h4 gxh4 28.Bxe5 Rad8
29.Qg7+ Kh5 30.Qh7+ Kg5 31.f4+ Kg4 32.Qb7 Qd3 33.Rf1 Qe3+ 34.Kh1 Rd2 35.Qf3+ Qxf3
36.gxf3+ Kh3 37.b6 Re7 38.Bc7 Rh2+ 39.Kg1 Ree2  0-1

[Event "Gausdal Int"]
[Site "Gausdal"]
[Date "1990.??.??"]
[Round "3"]
[White "Hjelmaas, Lars"]
[Black "Kovalev, Andrei"]
[Result "1/2-1/2"]
[WhiteElo "2225"]
[BlackElo "2500"]

1.d4 Nf6 2.c4 g6 3.Nc3 Bg7 4.e4 O-O 5.Be2 d6 6.Nf3 e5 7.O-O Na6 8.Re1 c6
9.Bf1 Bg4 10.Be3 Nh5 11.d5 c5 12.a3 Qf6 13.Rb1 Bxf3 14.Qxf3 Qxf3 15.gxf3 b6
16.b4 Rad8 17.Na4 f5 18.bxc5 Nxc5 19.Nxc5 dxc5 20.Bh3 fxe4 21.fxe4 Nf4 22.Bf1 Nh5
23.a4 Nf6 24.f3 Nh5 25.Bg2 Nf4 26.Rb3 Bh6 27.Bf1 Bg5 28.a5 Rd6 29.axb6 axb6
30.Reb1 Bd8 31.Ra1 g5 32.Ra6 Rg6 33.Bc1 g4 34.fxg4 Bh4 35.h3 Rgf6 36.Raxb6 Nxd5
37.Rxf6 Nxf6 38.Bg2 Ra8 39.Bb2 Ra4 40.g5 Nh5 41.Bf3 Nf4 42.Bxe5 Nxh3+ 43.Kg2 Nxg5
44.Bh5 Ra2+ 45.Kf1 Rf2+ 46.Kg1 Nxe4 47.Bf3 Rf1+ 48.Kg2 Rf2+ 49.Kg1 Rf1+ 50.Kg2 Rf2+  1/2-1/2

[Event "Peer Gynt"]
[Site "Gausdal"]
[Date "1990.??.??"]
[Round "4"]
[White "Tisdall, Jonathan D"]
[Black "Chekhov, Valery A"]
[Result "1/2-1/2"]
[WhiteElo "2425"]
[BlackElo "2495"]

1.d4 Nf6 2.c4 g6 3.Nc3 Bg7 4.e4 d6 5.Be2 O-O 6.Nf3 e5 7.O-O Na6 8.Be3 Ng4
9.Bg5 Qe8 10.h3 h6 11.Bc1 Nf6 12.dxe5 dxe5 13.Be3 Nd7 14.Qd2 Kh7 15.Rad1 f5
16.exf5 gxf5 17.Nb5 f4 18.Bxa7 e4 19.Rfe1 Qg6 20.Bd4 Nf6 21.Ne5 Qg5 22.Ng4 Bf5  1/2-1/2

[Event "Arnold Cup"]
[Site "Gausdal"]
[Date "1990.??.??"]
[Round "4"]
[White "Thorsteins, Karl"]
[Black "Nielsen, Peter Heine"]
[Result "1/2-1/2"]
[WhiteElo "2455"]
[BlackElo "2280"]

1.d4 Nf6 2.c4 g6 3.Nc3 Bg7 4.e4 d6 5.Nf3 O-O 6.Be2 e5 7.Be3 h6 8.O-O Nbd7
9.dxe5 dxe5 10.Qc2 c6 11.b4 Qe7 12.c5 Ng4 13.Bd2 Rd8 14.Qc1 Kh7 15.Rd1 Nf8
16.Bc4 Be6 17.Na4 Bxc4 18.Qxc4 Ne6 19.h3 Nf6 20.Bc3 Rxd1+ 21.Rxd1 Rd8 22.Rxd8 Qxd8
23.Nb2 Nd7 24.Qd3 b6 25.cxb6 axb6 26.Qd6 c5 27.bxc5 Ndxc5 28.Qxd8 Nxd8 29.Bxe5 Nxe4
30.a4 Nc5  1/2-1/2

[Event "Gausdal Int"]
[Site "Gausdal"]
[Date "1990.??.??"]
[Round "4"]
[White "Vladimirov, Evgeny"]
[Black "Winsnes, Rikard"]
[Result "1-0"]
[WhiteElo "2575"]
[BlackElo "2355"]

1.d4 Nf6 2.c4 g6 3.Nc3 Bg7 4.e4 d6 5.Be2 O-O 6.Nf3 e5 7.O-O Nbd7 8.Qc2 c6
9.Rd1 Qc7 10.g3 a5 11.Bf1 exd4 12.Nxd4 Ng4 13.h3 Qb6 14.Na4 Qa7 15.Nb3 Nge5
16.Be3 Qb8 17.Qe2 Re8 18.Nd4 b5 19.cxb5 c5 20.Nc2 Bb7 21.Nc3 Nb6 22.Bf4 a4
23.Ne3 a3 24.b3 h6 25.Rac1 Qd8 26.Bg2 Qe7 27.Qd2 Red8 28.h4 Kh7 29.Qe2 Rac8
30.h5 Rc7 31.Na4 Nbd7 32.Nc4 Nxc4 33.bxc4 Ne5 34.Nc3 g5 35.Be3 Re8 36.Nd5 Bxd5
37.Rxd5 Bf8 38.Bh3 Nd7 39.Rcd1 Nf6 40.Rxd6 Qxd6 41.Rxd6 Bxd6 42.Qd3  1-0

[Event "Gausdal Int"]
[Site "Gausdal"]
[Date "1990.??.??"]
[Round "4"]
[White "Carlhammar, Magnus"]
[Black "Kotronias, Vasilios"]
[Result "0-1"]
[WhiteElo "2260"]
[BlackElo "2510"]

1.d4 Nf6 2.c4 d6 3.Nc3 Nbd7 4.Nf3 g6 5.e4 e5 6.Be2 Bg7 7.O-O O-O 8.Be3 c6
9.d5 Ng4 10.Bg5 f6 11.Bd2 Qe7 12.Qc1 f5 13.Ng5 Ndf6 14.f3 Nh6 15.b4 Nh5 16.Ne6 Bxe6
17.Bxh6 cxd5 18.Bxg7 Kxg7 19.cxd5 Bd7 20.Bb5 Bxb5 21.Nxb5 Rac8 22.Qd2 a6
23.Nc3 Rc4 24.a3 Rfc8 25.Rac1 Nf4 26.g3 Rd4 27.Qa2 Nd3 28.Rc2 Rdc4 29.Qb3 Qc7
30.Rd1 Rxc3 31.Rxc3 Qxc3  0-1

[Event "Peer Gynt"]
[Site "Gausdal"]
[Date "1990.??.??"]
[Round "5"]
[White "Gausel, Einar"]
[Black "Fransson, Peter"]
[Result "1-0"]
[WhiteElo "2460"]
[BlackElo "2260"]

1.d4 Nf6 2.c4 g6 3.Nc3 Bg7 4.e4 d6 5.Nf3 O-O 6.Be2 e5 7.Be3 h6 8.O-O Ng4
9.Bc1 Nc6 10.d5 Nd4 11.Nxd4 exd4 12.Bxg4 dxc3 13.bxc3 Bxc3 14.Rb1 Bg7 15.Bxc8 Qxc8
16.Bb2 b6 17.Bxg7 Kxg7 18.Qd4+ f6 19.f4 Qe8 20.Rbe1 Qe7 21.Rf2 Rae8 22.Rfe2 Rf7
23.h3 Kh7 24.Kh2 Kg7 25.Kh1 Kh7 26.Qd3 Qf8 27.Re3 Rfe7 28.Qa3 a5 29.R3e2 Qg7
30.Qc3 Qf7 31.Qg3 Qg7 32.h4 Qf7 33.Kh2 Qg7 34.Re3 Qf7 35.Qh3 Rg8 36.g4 Kg7
37.Qg3 Rge8 38.R3e2 Kh7 39.Re3 Qg7 40.Kg2 Qf7 41.g5 f5 42.exf5 Rxe3 43.Rxe3 Rxe3
44.fxg6+ Qxg6 45.Qxe3 Qc2+ 46.Kg3 Qxa2 47.Qe7+ Kg8 48.Qd8+ Kf7 49.Qxc7+  1-0

[Event "Peer Gynt"]
[Site "Gausdal"]
[Date "1990.??.??"]
[Round "5"]
[White "Chekhov, Valery A"]
[Black "Kovalev, Andrei"]
[Result "1/2-1/2"]
[WhiteElo "2495"]
[BlackElo "2500"]

1.d4 Nf6 2.c4 g6 3.Nc3 Bg7 4.e4 O-O 5.Be2 d6 6.Nf3 e5 7.O-O Nbd7 8.Be3 c6
9.d5 c5 10.Ne1 Ne8 11.Nd3 Nb6 12.Qb3 Bf6 13.a4 Bg5 14.a5 Nd7 15.Bxg5 Qxg5
16.Qa3 Nc7 17.b4 Na6 18.b5  1/2-1/2

[Event "Gausdal Int"]
[Site "Gausdal"]
[Date "1990.??.??"]
[Round "6"]
[White "Bern, Ivar"]
[Black "Mortensen, Erling"]
[Result "1-0"]
[WhiteElo "2335"]
[BlackElo "2485"]

1.d4 Nf6 2.c4 g6 3.Nc3 Bg7 4.e4 d6 5.Nf3 O-O 6.Be2 e5 7.Be3 Ng4 8.Bg5 f6
9.Bc1 Nc6 10.dxe5 Ngxe5 11.Nxe5 dxe5 12.Be3 Nd4 13.O-O f5 14.f3 c6 15.Kh1 Be6
16.exf5 gxf5 17.Bd3 Qd7 18.Qe1 Qf7 19.b3 Rad8 20.Rd1 Qh5 21.Ne2 Bc8 22.Nxd4 exd4
23.Bf4 b6 24.Qg3 c5 25.Rde1 Rde8 26.Rxe8 Rxe8 27.Re1 Rxe1+ 28.Qxe1 Kf7 29.Qg3 Bd7
30.h3 Bf6 31.Bd2 Qh4 32.Qc7 Ke8 33.Kg1 Bd8 34.Qe5+ Qe7 35.Qh8+ Qf8 36.Qxh7 Bc7
37.Bg5 Qf7 38.Qh8+ Qf8 39.Qxf8+ Kxf8 40.g4 fxg4 41.hxg4 a6 42.a4 Be6 43.Bd2 b5
44.axb5 axb5 45.Kg2 bxc4 46.Bxc4 Bd7 47.Kh3 Kg7 48.f4 Bd8 49.Kg3 Bc6 50.Be6 Kf6
51.f5 Bc7+ 52.Kh4 Bf3 53.g5+ Kg7 54.Bc4 Bd1 55.b4 Bd6 56.bxc5 Bxc5 57.Bf4 Bc2
58.Be5+ Kf8 59.g6 Be7+ 60.Kg3  1-0

[Event "Troll Masters"]
[Site "Gausdal"]
[Date "1990.??.??"]
[Round "6"]
[White "Schussler, Harry"]
[Black "Wessman, Richard"]
[Result "1-0"]
[WhiteElo "2490"]
[BlackElo "2505"]

1.c4 Nf6 2.Nc3 g6 3.e4 d6 4.d4 Bg7 5.Be2 O-O 6.Nf3 e5 7.Be3 h6 8.O-O Ng4
9.Bc1 Nc6 10.d5 Ne7 11.Nd2 f5 12.exf5 gxf5 13.Bxg4 fxg4 14.Nde4 Nf5 15.c5 h5
16.Qd3 a6 17.b3 Qe8 18.cxd6 cxd6 19.Ba3 Qd8 20.Rac1 b5 21.Rfe1 Rb8 22.Nd1 b4
23.Bb2 Bh6 24.Rc4 a5 25.Nxd6 Nxd6 26.Qg6+ Bg7 27.Bxe5 Rf6 28.Bxf6 Qxf6 29.Qxf6 Bxf6
30.Rc6  1-0

[Event "Troll Masters"]
[Site "Gausdal"]
[Date "1990.??.??"]
[Round "7"]
[White "Tisdall, Jonathan D"]
[Black "Djurhuus, Rune"]
[Result "1/2-1/2"]
[WhiteElo "2480"]
[BlackElo "2400"]

1.d4 Nf6 2.c4 g6 3.Nc3 Bg7 4.e4 d6 5.Be2 O-O 6.Nf3 e5 7.Be3 Nbd7 8.O-O a5
9.dxe5 dxe5 10.Qc2 c6 11.h3 Nh5 12.Rfd1 Qe7 13.Na4 Nf4 14.Bf1 c5 15.Nc3  1/2-1/2

[Event "Troll Masters"]
[Site "Gausdal"]
[Date "1990.??.??"]
[Round "7"]
[White "Martin, Andrew D"]
[Black "Mednis, Edmar John"]
[Result "1/2-1/2"]
[WhiteElo "2435"]
[BlackElo "2440"]

1.d4 Nf6 2.c4 g6 3.Nc3 Bg7 4.e4 d6 5.Be2 O-O 6.Nf3 e5 7.O-O Nbd7 8.Qc2 c6
9.Rd1 Qe7 10.Rb1 exd4 11.Nxd4 Re8 12.f3 Nc5 13.b4 Ne6 14.Be3 Nxd4 15.Bxd4 Be6
16.Bf1 Red8 17.Qc1 b6 18.Bf2 c5 19.b5 Ne8 20.Nd5 Bxd5 21.cxd5  1/2-1/2

[Event "Arnold Cup"]
[Site "Gausdal"]
[Date "1990.??.??"]
[Round "8"]
[White "Dunnington, Angus J"]
[Black "Degerman, Lars"]
[Result "1/2-1/2"]
[WhiteElo "2370"]
[BlackElo "2385"]

1.d4 Nf6 2.Nf3 g6 3.c4 Bg7 4.Nc3 O-O 5.e4 d6 6.Be2 e5 7.d5 a5 8.h4 Na6 9.Nd2 c6
10.h5 cxd5 11.cxd5 Bd7  1/2-1/2

[Event "Troll Masters"]
[Site "Gausdal"]
[Date "1990.??.??"]
[Round "9"]
[White "Wessman, Richard"]
[Black "Shirov, Alexei"]
[Result "1/2-1/2"]
[WhiteElo "2505"]
[BlackElo "2500"]

1.d4 Nf6 2.c4 g6 3.Nc3 Bg7 4.e4 d6 5.Be2 O-O 6.Nf3 e5 7.Be3 h6 8.O-O Ng4
9.Bc1 Nc6 10.d5 Ne7 11.Nd2 f5 12.exf5 gxf5 13.Bxg4 fxg4 14.Nde4 Nf5 15.c5 b6
16.cxd6 cxd6 17.a4  1/2-1/2

[Event "Geneve-B"]
[Site "Geneve"]
[Date "1990.??.??"]
[Round "4"]
[White "Graf, Juergen"]
[Black "Fioramonti, Hung"]
[Result "1-0"]
[WhiteElo "2425"]
[BlackElo "2355"]

1.d4 Nf6 2.Nf3 g6 3.c4 Bg7 4.Nc3 O-O 5.e4 d6 6.Be2 e5 7.d5 a5 8.Bg5 h6 9.Bh4 Na6
10.Nd2 Qe8 11.Qc2 Bd7 12.Nf1 Nh7 13.g4 Bf6 14.Bxf6 Nxf6 15.Ne3 Kh8 16.h4 Ng8
17.h5 g5 18.O-O Nf6 19.Rfd1 Qc8 20.f3 Nc5 21.b3 Ra6 22.Nb5 b6 23.Qb2 Qb7
24.Rdc1 Kh7 25.Qc3 Bxb5 26.cxb5 Ra7 27.Bd1 Rfa8 28.a3 Ne8 29.Nf5 Rd8 30.Ne7 Raa8
31.Nc6 Rdc8 32.b4 axb4 33.axb4 Nd7 34.Ra6 Nb8 35.Rxa8 Qxa8 36.Ra1 Nxc6 37.Rxa8 Rxa8
38.dxc6 Nf6 39.Bb3 Kg7 40.Bd5 Rf8 41.Qa1 Ne8 42.Qa8  1-0

[Event "Geneve-B"]
[Site "Geneve"]
[Date "1990.??.??"]
[Round "8"]
[White "Ostenstad, Berge"]
[Black "Fioramonti, Hung"]
[Result "1-0"]
[WhiteElo "2410"]
[BlackElo "2355"]

1.Nf3 Nf6 2.c4 g6 3.Nc3 Bg7 4.e4 d6 5.d4 O-O 6.Be2 e5 7.O-O Nbd7 8.Qc2 c6
9.Rd1 Qe7 10.d5 c5 11.a3 Ng4 12.h3 Nh6 13.b4 b6 14.Rb1 f5 15.Ng5 Nf6 16.bxc5 bxc5
17.Ne6 Bxe6 18.dxe6 Qxe6 19.Bxh6 Bxh6 20.Bf3 Rad8 21.exf5 gxf5 22.Bd5 Nxd5
23.Nxd5 Rf7 24.Rb3 e4 25.Rdb1 Rdf8 26.Rb8 f4 27.Rxf8+ Rxf8 28.Rb7 Rf7 29.Rxf7 Kxf7
30.Qa4 e3 31.Qxa7+ Kf8 32.Qa8+ Kf7 33.Qa7+ Kf8 34.Qa8+ Kf7 35.Qb7+ Kf8 36.Qb8+ Kf7
37.Qc7+ Kf8 38.Qd8+ Kf7 39.Qc7+ Kf8 40.Qb8+ Kf7 41.Qb7+ Kf8 42.Kf1 Qe5 43.Qb3 Kf7
44.Qc2 Bg7 45.fxe3 fxe3 46.Ke2 Qh5+ 47.g4 Qh4 48.Qf5+ Kg8 49.Qe6+ Kf8 50.Qxd6+ Kf7
51.Qd7+ Kf8 52.Qf5+ Kg8 53.Qe6+ Kf8 54.Qxe3 Bd4 55.Qf4+ Kg7 56.Qc7+ Kf8 57.Qc8+ Kf7
58.Qf5+ Kg8 59.Qe6+ Kf8 60.Qd6+ Kf7 61.Qf4+ Kg7 62.Qf3 Qd8 63.Qg3 Qe8+ 64.Kf1 Qe4
65.Qc7+ Kg6 66.Qd6+ Kg5 67.Qe7+ Qxe7 68.Nxe7 Kf4 69.a4  1-0

[Event "NRW-Liga I 8990"]
[Site "Germany"]
[Date "1990.??.??"]
[Round "?"]
[White "Starke, Dieter"]
[Black "Hirsch, Stefan"]
[Result "1/2-1/2"]
[WhiteElo "2305"]
[BlackElo "2230"]

1.d4 Nf6 2.c4 g6 3.Nc3 Bg7 4.e4 d6 5.Nf3 O-O 6.Be2 e5 7.O-O Qe8 8.dxe5 dxe5
9.b3 Qe7 10.Nd5 Nxd5 11.cxd5 Rd8 12.Bc4 Bg4 13.h3 Bxf3 14.Qxf3 Nd7 15.Qe2 Nb6
16.Be3 Nc8 17.Rac1 Nd6 18.Bd3 Rac8 19.Rc2 a6 20.Rfc1 Rd7 21.Qd2 Bf8 22.a4 Ne8
23.Bg5 Qa3 24.Ra2 Qb4 25.Qxb4 Bxb4 26.Rac2 Ba3 27.Ra1 Be7 28.Be3 h6 29.Rac1 Bg5
30.Bxg5 hxg5 31.b4 Nd6 32.b5 axb5 33.axb5 Kf8 34.Ra2 Ke7 35.Ra7 Kd8 36.Kf1 Rb8
37.Rca1 Kc8 38.Rc1 Kd8 39.Rca1 Kc8 40.Rc1 Kd8 41.Rca1  1/2-1/2

[Event "BL2-W8990"]
[Site "Germany"]
[Date "1990.??.??"]
[Round "?"]
[White "Peist, Juergen"]
[Black "Tamm, Ulrich"]
[Result "1-0"]
[WhiteElo "2255"]
[BlackElo "2320"]

1.d4 d6 2.c4 g6 3.e4 Bg7 4.Nc3 Nf6 5.Be2 O-O 6.Nf3 e5 7.O-O Na6 8.Qc2 Nb4
9.Qd2 exd4 10.Nxd4 Re8 11.Bf3 a5 12.b3 Bg4 13.Bxg4 Nxg4 14.Bb2 Ne5 15.Nde2 Ned3
16.Ba3 Nc5 17.f3 Qh4 18.g3 Qe7 19.Rad1 Qe5 20.Bb2 Ncd3 21.Ba1 Qc5+ 22.Kg2 Ne5
23.Nd5 Nxd5 24.cxd5 Nd7 25.Bxg7 Kxg7 26.Rc1 Qb6 27.Qc3+ Kg8 28.Qxc7 Qxc7
29.Rxc7 Nc5 30.Nd4 Ra6 31.Nb5 Rb6 32.Nxd6 Rxd6 33.Rxc5 b6 34.Rc6 Rxc6 35.dxc6 Rc8
36.Rc1 Kf8 37.c7 Ke7 38.Kf2 Kd7 39.Ke3 f6 40.Kd4 Kd6 41.f4  1-0

[Event "BL2-N8990"]
[Site "Germany"]
[Date "1990.??.??"]
[Round "?"]
[White "Schirm, Friedmar"]
[Black "Kern, Johannes"]
[Result "1-0"]
[WhiteElo "2275"]
[BlackElo "2255"]

1.Nf3 Nf6 2.c4 g6 3.Nc3 d6 4.d4 Nbd7 5.e4 e5 6.Be2 Bg7 7.O-O O-O 8.Re1 c6
9.Bf1 a5 10.dxe5 dxe5 11.Na4 Qe7 12.Qc2 b6 13.Be3 Rb8 14.h3 Ne8 15.c5 b5
16.Nb6 a4 17.b3 axb3 18.axb3 Nc7 19.Ra7 Bb7 20.Nxd7 Qxd7 21.Rd1 Qc8 22.Qc3 Re8
23.Qd2 Ne6 24.Qd7 Rd8 25.Qxc8 Bxc8 26.Rxd8+ Nxd8 27.Nd2 Ne6 28.b4 Rb7 29.Ra8 Rc7
30.Nb3 Kf8 31.Be2 Ke7 32.Bg4 h5 33.Bd1 Nd4 34.Nxd4 exd4 35.Bf4 Bb7 36.Bd6+ Kf6
37.e5+ Kf5 38.Bc2+ Ke6 39.Re8+ Kd7 40.Re7+  1-0

[Event "BL2-SW8990"]
[Site "Germany"]
[Date "1990.??.??"]
[Round "?"]
[White "Fecht, Hans Peter"]
[Black "Martinovic, Slobodan"]
[Result "1/2-1/2"]
[WhiteElo "2260"]
[BlackElo "2440"]

1.d4 Nf6 2.c4 g6 3.Nc3 Bg7 4.e4 d6 5.Nf3 O-O 6.Be2 e5 7.O-O exd4 8.Nxd4 Re8
9.f3 c6 10.Kh1 Nh5 11.g4 Nf6 12.Bg5 a6 13.Qd2 b5 14.Rad1 Ra7 15.Nc2 Rd7 16.Bf4 h5
17.Bxd6 hxg4 18.c5 a5 19.Qg5 Na6 20.Nd4 Bb7 21.e5 b4 22.exf6 Bxf6 23.Qxg4 bxc3
24.Bc4 Kh7 25.bxc3 Nc7 26.Rg1 Nd5 27.Bd3 Ne3 28.Qh5+ Kg8 29.Rde1 Bg7 30.Qh3 Bc8
31.Qg3 Bb7 32.f4 Rxd6 33.Rxe3 Rxe3 34.Qxe3 Rxd4 35.cxd4  1/2-1/2

[Event "FRG-CupT"]
[Site "Germany"]
[Date "1990.??.??"]
[Round "?"]
[White "Bischoff, Klaus"]
[Black "Borik, Otto"]
[Result "1/2-1/2"]
[WhiteElo "2505"]
[BlackElo "2355"]

1.c4 Nf6 2.Nc3 g6 3.e4 d6 4.d4 Bg7 5.Nf3 O-O 6.Be2 e5 7.O-O exd4 8.Nxd4 Re8
9.f3 c6 10.Be3 d5 11.cxd5 Nxd5 12.Nxd5 cxd5 13.Qb3 Nc6 14.Rad1 Nxd4 15.Bxd4 Bxd4+
16.Rxd4 Qf6 17.Rd2 dxe4 18.fxe4 Qe7 19.Bc4 Be6 20.Bxe6 fxe6 21.Rfd1 Qc5+
22.Kh1 Re7 23.Rd7 Rxd7 24.Rxd7 Qc6  1/2-1/2

[Event "BL2-S8990"]
[Site "Germany"]
[Date "1990.??.??"]
[Round "?"]
[White "Effert, Kai"]
[Black "Pieper, Thomas"]
[Result "1/2-1/2"]
[WhiteElo "2320"]
[BlackElo "2250"]

1.d4 Nf6 2.c4 g6 3.Nc3 Bg7 4.e4 d6 5.Nf3 O-O 6.Be2 e5 7.d5 a5 8.Bg5 h6 9.Bh4 Na6
10.Nd2 Qe8 11.a3 Bd7 12.b3 Nxe4 13.Ndxe4 f5 14.f3 fxe4 15.Nxe4 Nc5 16.Bd3 Bf5
17.Bf2 b6 18.O-O Qe7 19.Qc2 a4 20.b4 Nb3 21.Rae1 h5 22.Nd2 Nxd2 23.Qxd2 Bh6
24.Qc2 Qd7 25.c5 bxc5 26.bxc5 Qb5 27.Bxf5 gxf5 28.Rb1 Qd7 29.Rb7 dxc5 30.Qxc5 Rf7
31.Re1 Re8 32.Be3 Bf8 33.Qa5 Bxa3 34.Ra1 Bd6 35.Qxa4 f4 36.Bf2 Bf8 37.Qxd7 Rxd7
38.Rd1 Red8 39.Bh4 Rxd5 40.Rxd5 Rxd5 41.Rxc7 Bc5+  1/2-1/2

[Event "SWE-ch"]
[Site "Gothenburg"]
[Date "1990.??.??"]
[Round "?"]
[White "Wiedenkeller, Michael"]
[Black "Lind, Jan Olov"]
[Result "1-0"]
[WhiteElo "2425"]
[BlackElo "2215"]

1.d4 Nf6 2.c4 g6 3.Nc3 Bg7 4.e4 d6 5.Nf3 O-O 6.Be2 e5 7.Be3 h6 8.O-O Ng4
9.Bc1 Nc6 10.d5 Ne7 11.Ne1 f5 12.Bxg4 fxg4 13.Nd3 b6 14.Be3 g5 15.b4 Ng6
16.c5 Nh4 17.a4 bxc5 18.bxc5 Qe8 19.Nb4 Qh5 20.Kh1 Rf7 21.cxd6 cxd6 22.Nb5 Qg6
23.Qc2 a6 24.Na7 Bb7 25.Nbc6 Bf8 26.Rab1 Qh7 27.Qc4 Rc7 28.Bb6 Rd7 29.Na5 Qf7
30.N7c6 Be7 31.Rb3 Bc8 32.Na7 Bb7 33.Rfb1 Bf6 34.Be3 Rc7 35.Rxb7 Rxc4 36.Rxf7 Rxa4
37.Rxf6 Rxa5 38.Rxh6 Ra4 39.Bxg5  1-0

[Event "Groningen"]
[Site "Groningen"]
[Date "1990.??.??"]
[Round "?"]
[White "Rogers, Ian"]
[Black "Piket, Jeroen"]
[Result "0-1"]
[WhiteElo "2535"]
[BlackElo "2495"]

1.Nf3 g6 2.c4 Bg7 3.d4 d6 4.Nc3 Nf6 5.e4 O-O 6.Be2 e5 7.d5 a5 8.Be3 Ng4 9.Bg5 f6
10.Bh4 h5 11.Nd2 Na6 12.h3 Nh6 13.a3 Bd7 14.Rb1 Nc5 15.b4 axb4 16.axb4 Na4
17.Qc2 Nxc3 18.Qxc3 g5 19.Bg3 h4 20.Bh2 f5 21.Ra1 Rxa1+ 22.Qxa1 g4 23.Qa3 Qg5
24.hxg4 fxg4 25.g3 Nf7 26.gxh4 Qxh4 27.Qg3 Qxg3 28.Bxg3 Ra8 29.Bd3 Ra2 30.b5 Bh6
31.Nb1 Kg7 32.Kf1 Ng5 33.Kg2 Nh3 34.Rd1 Nf4+ 35.Kh2 Rb2 36.Bf1 Nh5 37.Nc3 Nxg3
38.Kxg3 Bf4+ 39.Kg2 Rc2 40.Ne2 Be8 41.Ng3 Bg6 42.Bd3 Rc3 43.b6 cxb6 44.Nf5+ Bxf5
45.exf5 Kf6 46.Kf1 Rb3 47.Ke2 Rb2+ 48.Kf1 g3 49.fxg3 Bxg3 50.Kg1 Kg5 51.Rf1 Bf4
52.Rd1 Be3+ 53.Kh1 b5 54.cxb5 Kf4 55.Re1 Kf3 56.f6 Rb4 57.Re2 Rf4 58.Rh2 Rxf6
59.Rh3+ Kf2  0-1

[Event "Groningen op"]
[Site "Groningen"]
[Date "1990.??.??"]
[Round "3"]
[White "De Boer, Gert Jan"]
[Black "Yedidia, Jonathan"]
[Result "1-0"]
[WhiteElo "2400"]
[BlackElo "2260"]

1.d4 Nf6 2.Nf3 g6 3.c4 Bg7 4.Nc3 O-O 5.e4 d6 6.Be2 e5 7.Be3 Na6 8.O-O c6
9.d5 Ng4 10.Bg5 f6 11.Bd2 f5 12.Ne1 Nf6 13.f3 fxe4 14.fxe4 cxd5 15.cxd5 Nc5
16.Qc2 a5 17.Bf3 b6 18.Nd3 Nxd3 19.Qxd3 Ba6 20.Nb5 a4 21.b3 a3 22.Rac1 Ne8
23.Be2 Rxf1+ 24.Bxf1 h5 25.Qe3 Bb7 26.Nc7 Nxc7 27.Qxb6 Nxd5 28.Qxb7 Qb6+
29.Qxb6 Nxb6 30.Rc6  1-0

[Event "Groningen op"]
[Site "Groningen"]
[Date "1990.??.??"]
[Round "7"]
[White "Fishbein, Alexander"]
[Black "Rechel, Bernd"]
[Result "1-0"]
[WhiteElo "2470"]
[BlackElo "2345"]

1.d4 Nf6 2.c4 g6 3.Nc3 Bg7 4.e4 d6 5.Be2 O-O 6.Nf3 e5 7.Be3 exd4 8.Nxd4 Re8
9.f3 c6 10.Qd2 d5 11.exd5 cxd5 12.O-O Nc6 13.c5 Rxe3 14.Qxe3 Qf8 15.Ncb5 Qxc5
16.Rac1 Qb6 17.Qf2 Bd7 18.Nb3 Ne8 19.Nc3 d4 20.Na4 Qd8 21.Nac5 Nd6 22.Rfd1 Bc8
23.Bd3 Qf6 24.g3 Bh6 25.f4 Bg4 26.Re1 Rd8 27.a3 g5 28.fxg5 Qxf2+ 29.Kxf2 Bxg5
30.Nxb7 Bxc1 31.Rxc1 Ne5 32.Bxh7+ Kxh7 33.Nxd8 Nd3+ 34.Kf1 Nxc1 35.Nxc1 Bd7
36.Nb3 d3 37.Nc5 Bf5 38.b3 Kg7 39.a4 d2 40.Ke2 Ne4 41.Nxe4 Bxe4 42.a5 Kf8
43.a6 Ke7 44.Nb7 Bd3+ 45.Kxd2 Bxa6 46.Nc5 Bc8 47.Ke3 Kf6 48.Kf4 Kg6 49.b4 Bh3
50.Ne4 Bf1 51.Ke5 a6 52.h4 Be2 53.Nf6 Bd1 54.g4 Be2 55.h5+ Kg5 56.Ne4+ Kh6
57.Kf4 Bd3 58.Nf6 Bc2 59.g5+ Kg7 60.Ke5 Bd1 61.Kd6 Bc2 62.Ke7 Bd3 63.Ne8+ Kg8
64.Kf6  1-0

[Event "Guernsey op"]
[Site "Guernsey"]
[Date "1990.??.??"]
[Round "?"]
[White "Wells, Peter K"]
[Black "Britton, Richard"]
[Result "1-0"]
[WhiteElo "2415"]
[BlackElo "2265"]

1.d4 Nf6 2.c4 g6 3.Nc3 Bg7 4.e4 d6 5.Be2 O-O 6.Nf3 e5 7.Be3 Ng4 8.Bg5 f6
9.Bc1 Nc6 10.d5 Ne7 11.O-O Nh6 12.b4 Nf7 13.c5 h6 14.Nd2 f5 15.a4 Kh8 16.Ba3 Ng8
17.a5 Nf6 18.b5 b6 19.cxb6 cxb6 20.Bb4 Rb8 21.axb6 axb6 22.Ra7 Ng5 23.exf5 gxf5
24.Nc4 Nge4 25.Nxe4 Nxe4 26.Qa1 Rg8 27.Nxd6 Nxd6 28.Rxg7 Rxg7 29.Qxe5 Bb7
30.Bxd6 Qg5 31.Bf3 Rc8 32.Ba3 Kh7 33.h4 Qg6 34.Bb2 Rd7 35.Re1 Rcd8 36.Re3 h5
37.Be2 Bxd5 38.Rg3 Re8 39.Bxh5 Qxh5 40.Rg7+ Kh8 41.Re7+  1-0

[Event "HUN-chop"]
[Site "Gyor"]
[Date "1990.??.??"]
[Round "5"]
[White "Pogorelov, Ruslan"]
[Black "Galanov, Boris"]
[Result "1-0"]
[WhiteElo "2385"]
[BlackElo "2285"]

1.Nf3 Nf6 2.c4 g6 3.Nc3 Bg7 4.e4 d6 5.d4 O-O 6.Be2 e5 7.d5 a5 8.Be3 Ng4 9.Bg5 f6
10.Bh4 Qe8 11.Nd2 Nh6 12.O-O Na6 13.f3 f5 14.Rb1 Bd7 15.b3 f4 16.a3 Bf6 17.Bf2 Qe7
18.b4 axb4 19.axb4 Bh4 20.Bxh4 Qxh4 21.c5 dxc5 22.Bxa6 Rxa6 23.bxc5 Qe7 24.d6 cxd6
25.Nd5 Qd8 26.Nc4 Ba4 27.Qc1 dxc5 28.Nxe5 b5 29.Qxc5 Qd6 30.Qd4 Rd8 31.Nd3 Nf5
32.exf5 Qxd5 33.Qxd5+ Rxd5 34.Nb4 Rad6 35.Nxd5 Rxd5 36.fxg6 hxg6 37.Rb4 Rf5
38.Rc1 Kg7 39.h4 Kh6 40.Rc7 g5 41.hxg5+ Kxg5 42.Rg7+ Kf6 43.Rg4 Ke5 44.Kf2  1-0

[Event "HUN-chop"]
[Site "Gyor"]
[Date "1990.??.??"]
[Round "5"]
[White "Petran, Pal"]
[Black "Borge, Nikolaj"]
[Result "1-0"]
[WhiteElo "2410"]
[BlackElo "2340"]

1.d4 Nf6 2.c4 g6 3.Nc3 Bg7 4.e4 d6 5.Be2 O-O 6.Nf3 e5 7.O-O exd4 8.Nxd4 Re8
9.f3 c6 10.Kh1 Nbd7 11.Bf4 Nh5 12.Bxd6 Qf6 13.Nb3 Nf4 14.c5 a5 15.a4 Ne5
16.g3 Nxe2 17.Qxe2 Bh3 18.Rf2 Be6 19.Nd2 Nd7 20.f4 Qd4 21.Nf3 Qb4 22.e5 f6
23.Re1 g5 24.Qe3 Kh8 25.Nd4 gxf4 26.gxf4 fxe5 27.Nxe6 Rxe6 28.f5 Rh6 29.Rg1 Qh4
30.Rfg2 Re8 31.Ne4 Qh5 32.Qf2 Nf6 33.Rxg7 Nxe4 34.Qg2 Nf6 35.Bxe5  1-0

[Event "HUN-chop"]
[Site "Gyor"]
[Date "1990.??.??"]
[Round "7"]
[White "Gagarin, Vasilij"]
[Black "Khan, E."]
[Result "1-0"]
[WhiteElo "2385"]
[BlackElo "2240"]

1.d4 Nf6 2.c4 g6 3.Nc3 Bg7 4.e4 d6 5.Nf3 O-O 6.Be2 e5 7.dxe5 dxe5 8.Qxd8 Rxd8
9.Bg5 c6 10.Nxe5 Re8 11.O-O-O Na6 12.Nf3 Nc5 13.Nd2 Nfd7 14.f3 f5 15.Rhe1 Bxc3
16.bxc3 fxe4 17.Nxe4 Nxe4 18.fxe4 Nc5 19.Bf3 Be6 20.Rd4 Na4 21.Kc2 Nb6 22.Be2 c5
23.Rd6 Bf7 24.Bd3 Nxc4 25.Rd7 Ne5 26.Rxb7 Bxa2 27.Ra1 Bc4 28.Bxc4+ Nxc4 29.Bh6 Nd6
30.Rg7+ Kh8 31.Raxa7 Rxa7 32.Rxa7 Nxe4 33.Kd3 Nd6 34.Bf4 c4+ 35.Kd2 Ne4+
36.Kc2 g5 37.Be3 Kg8 38.Bd4 h5 39.Rg7+ Kf8 40.Rc7 Ra8 41.Kb2 Ra4 42.Bc5+ Nxc5
43.Rxc5 Kg7 44.Rxg5+ Kh6 45.h4 Ra6 46.g4 hxg4 47.Rxg4 Ra4 48.Rg5 Kh7 49.Rb5 Ra6
50.Rb4 Rc6 51.Ka3 Kh6 52.Ka4  1-0